| 000 | 00561nam a2200193 a 4500 | ||
|---|---|---|---|
| 005 | 20220621172949.0 | ||
| 008 | 991125s1996 mx 000 0 spa u | ||
| 020 | _a9686756329 | ||
| 035 | _aUPN01000052499 | ||
| 049 | _aCG | ||
| 050 | 4 |
_aPQ1193 N4 _bR5.7 |
|
| 100 | 1 |
_aRilke, Rainer María, _d1875-1926 _930247 |
|
| 245 | 1 | 4 |
_aLes roses = Las rosas / _cRainer María Rilke ; tr. Eduardo Lizalde. |
| 260 |
_aMéxico : _bCNCA : _bEl Tucán de Virginia, _c1996. |
||
| 300 | _a111 p. | ||
| 650 | 0 |
_aPoesía francesa _91248 |
|
| 740 | 3 | _aLas rosas | |
| 905 | _aLibro | ||
| 999 |
_c52499 _d52499 |
||